| 000 | 02200nam0a2200433 4500 | ||
|---|---|---|---|
| 001 | RU\NLR\bibl\1836048 | ||
| 005 | 20260406142014.0 | ||
| 010 |
_a978-5-7380-0392-9 _91000 |
||
| 021 |
_aRU _b2011-3120и _9421и |
||
| 035 | _a(NLR Aleph) 001826534 | ||
| 090 |
_a2078871 _c2078871 |
||
| 100 | _a20111118d2011 |||y0rusy50 ca | ||
| 101 | 0 |
_arus _aita |
|
| 102 | _aRU | ||
| 105 | _aa ||||||||| | ||
| 200 | 1 |
_aВечный город _dCitta eterna _eфотоальбом по повести Н.В. Гоголя "Рим", письмам и воспоминаниям современников _fЛюдмила Волкова _g[вступ. ст.: Рита Джулиани] _zeng |
|
| 210 |
_aМосква _cЦентр книги Рудомино _d2011 |
||
| 215 |
_a126, [1] с. _cил., цв. ил. _d26 |
||
| 225 | 1 | _aДекорации классиков | |
| 300 | _aАвт. также на ит. яз.: Ljudmila Volkova | ||
| 300 | _aВ вып. дан. авт.: авт. фот. Л.В. Волкова | ||
| 300 | _aТекст парал. на рус. и ит. яз. | ||
| 500 | 1 | 0 |
_6z01702 _aРим |
| 510 | 1 |
_6z17790 _aCitta eterna _zrus |
|
| 600 | 1 |
_aГоголь _bН.В. _f1809 - 1852 _gНиколай Васильевич _xПамятные места _yРим, город (Италия) _92567835 _3RU\NLR\auth\661518622 |
|
| 607 |
_aРим, город (Италия) _jФотоальбомы _xв фотографии художественной _92102709 _3RU\NLR\auth\661575152 |
||
| 686 | _aЩ163(0)-3я61 | ||
| 686 | _aШ5(2=Р)51-4Гоголь28 | ||
| 700 | 1 |
_4070 _8rus _7ca _aВолкова _bЛ. В. _cфотохудожник, литератор _gЛюдмила Васильевна _3RU\NLR\auth\7788096 _971024 |
|
| 702 | 1 |
_4070 _8rus _7ca _aГоголь _bН. В. _f1809-1852 _gНиколай Васильевич _3RU\NLR\AUTH\773480 _9113476 |
|
| 790 | 1 |
_4070 _8rus _7ba _aVolkova _bL. V. _cфотохудожник, литератор _gLjudmila Vasil'evna _3RU\NLR\auth\7788098 _971026 |
|
| 801 | 0 |
_aRU _bNLR _c20111118 _gRCR |
|
| 801 | 1 |
_aRU _bNLR _c20111118 |
|
| 942 | _cBOOK | ||
| 980 | _aNB | ||
| 980 | _aNBR | ||